| 000 | 01132nam a2200253 a 4500 | ||
|---|---|---|---|
| 001 | C01590111c-5 | ||
| 005 | 20180711082523.0 | ||
| 008 | 180711s2017 ck ao gr 001 0 spa d | ||
| 020 | _a9789587831061 | ||
| 040 |
_aCO-BoUCM _bspa _cSaul Niño _dSaul Niño |
||
| 041 | 0 | _aspa | |
| 043 | _as-ck--- | ||
| 100 | 1 |
_aChávez Giraldo, Juan David _d1966- _985876 |
|
| 245 | 1 | 0 |
_aCasa, hogar y cielo _blas tres miradas debreyanas sobre el espacio doméstico en el valle de los aburráes _cJuan David Chávez Giraldo |
| 260 |
_aBogotá _bUniversidad Nacional de Colombia. Facultad de Arquitectura _c2017 |
||
| 300 |
_a255 páginas _bilustraciones, fotografías |
||
| 490 | 0 | _aColección Arquitectura, Hábitat y Urbanismo | |
| 600 | 1 | 4 |
_aDebray, Régis _d1940- _xCrítica e interpretación _992996 |
| 600 | 1 | 4 |
_aRapoport, Amos _d1929- _xCrítica e interpretación _992997 |
| 650 | 7 |
_aArquitectura doméstica _zValle de Aburrá (Antioquia, Colombia) _99401 |
|
| 650 | 7 |
_aSimbolismo _xArquitectura _z Valle de Aburrá (Antioquia, Colombia) _924414 |
|
| 942 |
_2DEWEY _a17 _cLIBRO _e1 _h728.3 _mC512c |
||
| 999 |
_c310139 _d310139 |
||